Leeds United Biggest Transfers - Statistics

General Stats
  • This quiz has been taken 79 times
    21 since last reset
  • The average score is 85 of 180
Answer Stats
% Correct
Arrivals England CB 22 Rio Ferdinand 00/01 West Ham United €26.00m
100%
Departures England CB 23 Rio Ferdinand 02/03 Manchester United €46.00m
100%
Arrivals Wales RW 23 Daniel James 21/22 Manchester United €29.10m
95%
Arrivals Brazil LW 23 Raphinha 20/21 Stade Rennais €18.60m
95%
Departures Brazil LW 25 Raphinha 22/23 Barcelona €58.00m
95%
Arrivals United States AM 21 Brenden Aaronson 22/23 RB Salzburg €32.84m
89%
Arrivals Dominican Republic LB 24 Junior Firpo 21/22 Barcelona €15.00m
89%
Arrivals England ST 24 Patrick Bamford 18/19 Middlesbrough €7.90m
89%
Arrivals Ireland ST 20 Robbie Keane 00/01 Inter Milan €18.00m
89%
Departures Ireland ST 22 Robbie Keane 02/03 Tottenham Hotspur €10.50m
89%
Arrivals Spain ST 29 Rodrigo Moreno 20/21 Valencia €30.00m
89%
Departures Spain ST 32 Rodrigo Moreno 23/24 Al-Rayyan €3.50m
89%
Arrivals United States DM 23 Tyler Adams 22/23 RB Leipzig €17.00m
89%
Departures United States DM 24 Tyler Adams 23/24 Bournemouth €26.90m
89%
Arrivals France SS 20 Georginio Rutter 22/23 Hoffenheim €40.50m
84%
Departures France SS 22 Georginio Rutter 24/25 Brighton & Hove Albion €46.70m
84%
Arrivals England RW 24 Jack Harrison 21/22 Manchester City €12.80m
84%
Arrivals Wales CB 26 Joe Rodon 24/25 Tottenham Hotspur €11.80m
84%
Arrivals Australia ST 24 Mark Viduka 00/01 Celtic €9.15m
84%
Departures Australia ST 28 Mark Viduka 04/05 Middlesbrough €6.75m
84%
Arrivals England CM 27 Sean Longstaff 25/26 Newcastle United €13.80m
84%
Arrivals Netherlands LW 18 Crysencio Summerville 20/21 Feyenoord €6.00m
79%
Departures Netherlands LW 22 Crysencio Summerville 24/25 West Ham United €29.30m
79%
Arrivals Wales CB 22 Ethan Ampadu 23/24 Chelsea €8.10m
79%
Departures Australia LW 24 Harry Kewell 03/04 Liverpool €10.00m
79%
Arrivals Slovenia CB 26 Jaka Bijol 25/26 Udinese €18.00m
79%
Arrivals Colombia LW 23 Luis Sinisterra 22/23 Feyenoord €25.00m
79%
Departures Colombia LW 25 Luis Sinisterra 24/25 Bournemouth €23.40m
79%
Arrivals Spain DM 25 Marc Roca 22/23 Bayern Munich €12.00m
79%
Departures Spain DM 27 Marc Roca 24/25 Real Betis €4.50m
79%
Arrivals Denmark RB 24 Rasmus Kristensen 22/23 RB Salzburg €13.00m
79%
Departures Denmark RB 27 Rasmus Kristensen 25/26 Eintracht Frankfurt €6.00m
79%
Arrivals England ST 26 Robbie Fowler 01/02 Liverpool €16.80m
79%
Departures England ST 27 Robbie Fowler 02/03 Manchester City €9.80m
79%
Departures England ST 23 Alan Smith 04/05 Manchester United €9.00m
74%
Arrivals New Zealand ST 23 Chris Wood 15/16 Leicester City €3.60m
74%
Departures New Zealand ST 25 Chris Wood 17/18 Burnley €16.40m
74%
Arrivals Spain CB 27 Diego Llorente 20/21 Real Sociedad €20.00m
74%
Departures Spain CB 30 Diego Llorente 24/25 Real Betis €3.25m
74%
Arrivals Sweden LB 26 Gabriel Gudmundsson 25/26 Lille €11.60m
74%
Arrivals France GK 20 Illan Meslier 20/21 Lorient €6.50m
74%
Departures England DM 26 Kalvin Phillips 22/23 Manchester City €49.00m
74%
Arrivals Germany CB 24 Robin Koch 20/21 Freiburg €13.00m
74%
Arrivals Italy RW 18 Wilfried Gnonto 22/23 Zürich €4.50m
74%
Departures England DM 18 Archie Gray 24/25 Tottenham Hotspur €41.25m
68%
Arrivals Finland CM 27 Glen Kamara 23/24 Rangers €5.80m
68%
Departures Finland CM 28 Glen Kamara 24/25 Stade Rennais €10.00m
68%
Arrivals Angola RW 26 Hélder Costa 20/21 Wolverhampton Wanderers €17.70m
68%
Departures Angola RW 28 Hélder Costa 22/23 Al-Ittihad €4.80m
68%
Arrivals France ST 23 Jean-Kévin Augustin 20/21 RB Leipzig €21.00m
68%
Arrivals Netherlands ST 24 Joël Piroe 23/24 Swansea City €14.00m
68%
Arrivals Japan DM 25 Ao Tanaka 24/25 Fortuna Düsseldorf €4.00m
63%
Arrivals Bulgaria DM 23 Ilia Gruev 23/24 Werder Bremen €6.50m
63%
Arrivals England RB 23 Jayden Bogle 24/25 Sheffield United €5.95m
63%
Arrivals Netherlands ST 25 Jimmy Floyd Hasselbaink 97/98 Boavista €2.78m
63%
Departures Netherlands ST 27 Jimmy Floyd Hasselbaink 99/00 Atlético Madrid €16.70m
63%
Arrivals Austria CB 24 Maximilian Wöber 22/23 RB Salzburg €12.00m
63%
Arrivals Sweden CB 26 Pontus Jansson 17/18 Torino €4.00m
63%
Departures Sweden CB 28 Pontus Jansson 19/20 Brentford €6.15m
63%
Arrivals Northern Ireland LM 24 Stuart Dallas 15/16 Brentford €1.90m
63%
Arrivals United States CM 24 Weston McKennie 22/23 Juventus €1.25m
63%
Arrivals North Macedonia LB 25 Ezgjan Alioski 17/18 Lugano €2.50m
58%
Departures England LM 18 James Milner 04/05 Newcastle United €7.40m
58%
Arrivals Jamaica ST 23 Kemar Roofe 16/17 Oxford United €3.50m
58%
Departures Jamaica ST 26 Kemar Roofe 19/20 Anderlecht €6.00m
58%
Arrivals Belgium LW 23 Largie Ramazani 24/25 Almería €7.70m
58%
Arrivals England CM 22 Seth Johnson 01/02 Derby County €11.50m
58%
Arrivals Norway DM 24 Alf-Inge Haaland 97/98 Nottingham Forest €2.40m
53%
Departures Norway DM 27 Alf-Inge Haaland 99/00 Manchester City €3.75m
53%
Arrivals England CM 18 Darko Gyabi 22/23 Manchester City €5.80m
53%
Arrivals England LB 23 Djed Spence 23/24 Tottenham Hotspur €1.10m
53%
Departures England LB 22 Leif Davis 22/23 Ipswich Town €1.20m
53%
Departures Wales CM 20 Matt Jones 01/02 Leicester City €4.50m
53%
Arrivals Belgium CB 26 Sebastiaan Bornauw 25/26 Wolfsburg €6.00m
53%
Arrivals Sweden AM 25 Tomas Brolin 95/96 Parma €5.30m
53%
Arrivals Ghana ST 29 Tony Yeboah 95/96 Eintracht Frankfurt €3.25m
53%
Arrivals Ghana ST 28 Tony Yeboah 94/95 Eintracht Frankfurt €1.00m
53%
Departures Ghana ST 31 Tony Yeboah 97/98 Hamburger €2.15m
53%
Arrivals Wales SS 19 Tyler Roberts 17/18 West Bromwich Albion €2.85m
53%
Arrivals England CM 26 Adam Forshaw 17/18 Middlesbrough €5.10m
47%
Arrivals Scotland LB 28 Barry Douglas 18/19 Wolverhampton Wanderers €3.40m
47%
Departures England CB 21 Charlie Cresswell 24/25 Toulouse €4.50m
47%
Arrivals Switzerland LB 24 Isaac Schmidt 24/25 St. Gallen €2.97m
47%
Arrivals England ST 18 Joe Gelhardt 20/21 Wigan Athletic €1.00m
47%
Departures Denmark GK 24 Kasper Schmeichel 11/12 Leicester City €1.68m
47%
Departures England CM 19 Lewis Cook 16/17 Bournemouth €7.00m
47%
Arrivals England GK 29 Nigel Martyn 96/97 Crystal Palace €3.35m
47%
Arrivals England ST 27 Richard Cresswell 05/06 Preston North End €1.73m
47%
Departures England ST 29 Richard Cresswell 07/08 Stoke City €1.00m
47%
Departures Northern Ireland GK 22 Bailey Peacock-Farrell 19/20 Burnley €2.75m
42%
Arrivals France SS 25 Eric Cantona 91/92 Nîmes €1.50m
42%
Departures France SS 26 Eric Cantona 92/93 Manchester United €1.80m
42%
Departures Wales LM 26 Gary Speed 96/97 Everton €4.87m
42%
Arrivals Norway GK 20 Kristoffer Klaesson 21/22 Vålerenga €2.40m
42%
Arrivals England CM 19 Lee Bowyer 96/97 Charlton Athletic €3.80m
42%
Arrivals England LM 25 Lee Sharpe 96/97 Manchester United €6.75m
42%
Arrivals Poland CM 27 Mateusz Klich 17/18 Twente €1.70m
42%
Departures England GK 24 Paul Robinson 04/05 Tottenham Hotspur €3.00m
42%
Arrivals England RB 22 Danny Mills 99/00 Charlton Athletic €6.00m
37%
Arrivals England DM 30 David Batty 98/99 Newcastle United €6.35m
37%
Departures England DM 24 David Batty 93/94 Blackburn Rovers €3.78m
37%
Arrivals Scotland CB 26 Dominic Matteo 00/01 Liverpool €7.13m
37%
Departures England LW 18 Jack Clarke 19/20 Tottenham Hotspur €11.00m
37%
Departures England CB 23 Jonathan Woodgate 02/03 Newcastle United €13.50m
37%
Arrivals England CM 23 Luke Murphy 13/14 Crewe Alexandra €1.17m
37%
Departures Poland AM 21 Mateusz Bogusz 22/23 Los Angeles €1.00m
37%
Arrivals England ST 20 Michael Bridges 99/00 Sunderland €7.50m
37%
Arrivals England CB 23 Michael Duberry 99/00 Chelsea €6.75m
37%
Arrivals France DM 25 Olivier Dacourt 00/01 Lens €10.50m
37%
Departures France DM 28 Olivier Dacourt 03/04 Roma €6.00m
37%
Arrivals Spain AM 26 Samuel Sáiz 17/18 Huesca €3.50m
37%
Departures Spain AM 28 Samuel Sáiz 19/20 Girona €2.50m
37%
Departures England RW 18 Aaron Lennon 05/06 Tottenham Hotspur €1.20m
32%
Arrivals Northern Ireland ST 25 David Healy 04/05 Preston North End €2.75m
32%
Departures Northern Ireland ST 27 David Healy 07/08 Fulham €2.25m
32%
Arrivals Norway CM 21 Eirik Bakke 98/99 Sogndal €2.60m
32%
Arrivals Italy CB 25 Giuseppe Bellusci 14/15 Catania €3.00m
32%
Arrivals England LW 28 Jason Wilcox 99/00 Blackburn Rovers €4.50m
32%
Arrivals England GK 29 John Lukic 90/91 Arsenal €1.38m
32%
Departures Ivory Coast LW 23 Max Gradel 11/12 Saint-Étienne €2.00m
32%
Departures Scotland RW 24 Robert Snodgrass 12/13 Norwich City €3.20m
32%
Departures England DM 20 Ronaldo Vieira 18/19 Sampdoria €7.35m
32%
Departures England LB 22 Sam Byram 15/16 West Ham United €4.80m
32%
Arrivals England ST 18 Sam Greenwood 20/21 Arsenal €1.70m
32%
Arrivals England LB 25 Tony Dorigo 91/92 Chelsea €1.48m
32%
Arrivals England ST 25 Brian Deane 93/94 Sheffield United €4.35m
26%
Departures England ST 29 Brian Deane 97/98 Sheffield United €2.00m
26%
Arrivals England DM 28 Carlton Palmer 94/95 Sheffield Wednesday €3.15m
26%
Departures England DM 31 Carlton Palmer 97/98 Southampton €1.20m
26%
Arrivals England RW 23 Darren Huckerby 99/00 Coventry City €7.60m
26%
Departures England RW 24 Darren Huckerby 00/01 Manchester City €4.00m
26%
Arrivals England AM 25 David Rocastle 92/93 Arsenal €2.40m
26%
Departures England AM 26 David Rocastle 93/94 Manchester City €2.40m
26%
Arrivals England RW 26 David White 93/94 Manchester City €3.00m
26%
Departures England CM 19 Fabian Delph 09/10 Aston Villa €9.50m
26%
Arrivals Mali RW 23 Hadi Sacko 17/18 Sporting CP €1.70m
26%
Departures England DM 23 Jonny Howson 11/12 Norwich City €1.10m
26%
Arrivals England CM 18 Lewis Bate 21/22 Chelsea €1.75m
26%
Departures England ST 20 Noel Whelan 95/96 Coventry City €3.00m
26%
Arrivals England ST 21 Rod Wallace 91/92 Southampton €1.90m
26%
Departures Scotland ST 27 Ross McCormack 14/15 Fulham €11.80m
26%
Departures Ghana ST 25 Caleb Ekuban 19/20 Trabzonspor €1.00m
21%
Departures England LB 17 Danny Rose 07/08 Tottenham Hotspur €1.00m
21%
Arrivals Scotland RM 26 David Hopkin 97/98 Crystal Palace €4.90m
21%
Departures Scotland RM 29 David Hopkin 00/01 Bradford City €3.75m
21%
Departures Italy GK 20 Elia Caprile 22/23 Bari €1.75m
21%
Arrivals Netherlands ST 19 Jay-Roy Grot 17/18 NEC Nijmegen €1.60m
21%
Arrivals Belgium LB 25 Laurens De Bock 17/18 Club Brugge €1.70m
21%
Departures Norway LB 20 Leo Hjelde 23/24 Sunderland €1.75m
21%
Arrivals England LM 24 Peter Barnes 81/82 West Bromwich Albion €1.10m
21%
Arrivals Netherlands CB 27 Robert Molenaar 96/97 Volendam €1.40m
21%
Departures England GK 19 Scott Carson 04/05 Liverpool €1.40m
21%
Arrivals England CB 21 Scott Wootton 13/14 Manchester United €1.10m
21%
Arrivals Mauritania ST 22 Souleymane Doukara 14/15 Catania €1.89m
21%
Arrivals Netherlands ST 24 Clyde Wijnhard 98/99 Willem II €2.10m
16%
Departures Netherlands ST 25 Clyde Wijnhard 99/00 Huddersfield Town €1.05m
16%
Departures England CB 28 David Wetherall 99/00 Bradford City €2.10m
16%
Arrivals Scotland DM 27 Liam Bridcutt 16/17 Sunderland €1.15m
16%
Departures Scotland DM 28 Liam Bridcutt 17/18 Nottingham Forest €1.10m
16%
Arrivals Sweden ST 25 Marcus Antonsson 16/17 Kalmar €2.40m
16%
Arrivals Austria CB 24 Martin Hiden 97/98 Rapid Vienna €2.18m
16%
Departures England CB 22 Matthew Kilgallon 06/07 Sheffield United €3.80m
16%
Arrivals Sweden ST 23 Paweł Cibicki 17/18 Malmö €1.60m
16%
Arrivals England CB 32 Richard Jobson 95/96 Oldham Athletic €1.15m
16%
Arrivals England CM 28 Steve Hodge 91/92 Nottingham Forest €1.03m
16%
Departures England CM 23 Adam Clayton 12/13 Huddersfield Town €1.00m
11%
Arrivals Argentina AM 25 Alejandro Sabella 80/81 Sheffield United €1.20m
11%
Arrivals England LB 23 Danny Granville 98/99 Chelsea €2.20m
11%
Departures England LB 24 Danny Granville 99/00 Manchester City €1.40m
11%
Departures England CB 23 Jon Newsome 94/95 Norwich City €1.50m
11%
Arrivals England AM 28 Nick Barmby 02/03 Liverpool €4.50m
11%
Arrivals England ST 25 Rob Hulse 05/06 West Bromwich Albion €1.65m
11%
Departures England ST 26 Rob Hulse 06/07 Sheffield United €3.45m
11%
Arrivals England DM 22 Ian Westlake 06/07 Ipswich Town €1.05m
5%
Departures England RW 20 Mallik Wilks 19/20 Barnsley €1.10m
5%
Arrivals England SS 29 Robbie Blake 05/06 Birmingham City €1.20m
5%
Arrivals England LB 21 Dan Harding 05/06 Brighton & Hove Albion €1.25m
0%
Departures England AM 15 Finlay Gorman 23/24 Manchester City €1.40m
0%
Arrivals England CM 27 Kevin Nicholls 06/07 Luton Town €1.14m
0%
Departures England CM 28 Kevin Nicholls 07/08 Preston North End €1.00m
0%
No matching quizzes found
Score Distribution
Percent of People with Each Score
Percentile by Number Answered
Your Score History
You have not taken this quiz since the last reset